000 00694nam a2200217 i 4500
001 147523
003 ES-MaACL
005 20250718234747.0
007 t|
008 071002s1966 sp ||||1| spa d
080 _a378(042)
245 0 3 _aLa universidad en transformación /
_cJoseph Ben-David, Awraham Zloczwer, A.H. Halsey... ; [traducción de José Fontana...].
250 _a[1ª. ed.].
260 _aBarcelona :
_bSeix Barral,
_c1966.
300 _a243 p. ;
_c18 cm.
650 1 4 _aUniversidades.
_917680
700 1 _aBen-David, Joseph.
_927408
700 1 _aFontana, Josep,
_d1931-2018
_951600
852 _aES-MaACL
_jC-31364
_bR.61597
999 _c147523
_d147523